000 00865nam a2200277Ia 4500
003 OSt
005 20220918191802.0
006 a|||||r|||| 00| 0
007 ta
008 220917b |||||||| |||| 00| 0 eng d
024 _a65,017
037 _cTextual
040 _aARTS
_cARTS
_beng
041 _2eng
_aeng
082 _aR14, L1
100 _aGandy R O ed
_977170
110 _aThe Summer School and colloquim in Mathematical logic,Manchester,1969
_977171
245 0 _aProceedings
_b logical colloquium
260 _c1971
490 _aStudies in logic and the foundation of mathematics; 61
650 _aPHILOSOPHY
700 _a Yates C M E ed
_977172
700 _aThe Summer School and colloquim in Mathematical logic,Manchester,1969
_977173
942 _hR14, L1
_cTEXL
_2CC
999 _c191354
_d191354